000 00633cam a2200169 4500500
005 20260405004118.0
041 _afre
042 _adc
100 1 0 _aLarmagnac-Matheron, Octave
_eauthor
245 0 0 _aCatherine Malabou : “Au contact du vivant, notre raison se découvre elle-même contingente”
260 _c2024.
500 _a8
690 _aCatherine Malabou
690 _aKant
786 0 _nPhilosophie magazine - Hors séries | Hors série - Hiver 2024 | HS60 | 2024-01-01 | p. 45-46 | 2104-9246
856 4 1 _uhttps://shs.cairn.info/magazine-philosophie-magazine-2024-hs60-page-45?lang=fr&redirect-ssocas=7080
999 _c2073831
_d2073831